| 000 -LEADER |
| fixed length control field |
01646cam a22004093a 4500 |
| 001 - CONTROL NUMBER |
| control field |
12582000 |
| 003 - CONTROL NUMBER IDENTIFIER |
| control field |
Nust |
| 005 - DATE AND TIME OF LATEST TRANSACTION |
| control field |
20200128140732.0 |
| 008 - FIXED-LENGTH DATA ELEMENTS--GENERAL INFORMATION |
| fixed length control field |
990309s1999 nyu 000 1 eng d |
| 010 ## - LIBRARY OF CONGRESS CONTROL NUMBER |
| LC control number |
2001553641 |
| 020 ## - INTERNATIONAL STANDARD BOOK NUMBER |
| International Standard Book Number |
9780749934170 |
| 035 ## - SYSTEM CONTROL NUMBER |
| System control number |
(OCoLC)ocm40932065 |
| 038 ## - RECORD CONTENT LICENSOR |
| Staff Name |
MSOHAIL |
| 040 ## - CATALOGING SOURCE |
| Original cataloging agency |
JDY |
| Transcribing agency |
JDY |
| Modifying agency |
UPZ |
| -- |
OHI |
| -- |
FIT |
| -- |
OCL |
| -- |
DLC |
| 042 ## - AUTHENTICATION CODE |
| Authentication code |
lccopycat |
| 043 ## - GEOGRAPHIC AREA CODE |
| Geographic area code |
n-us-ny |
| 050 00 - LIBRARY OF CONGRESS CALL NUMBER |
| Classification number |
CPB Box no. 1800 vol. 6 |
| 082 ## - DEWEY DECIMAL CLASSIFICATION NUMBER |
| Classification number |
813.54 |
| Author Mark |
ROB |
| 100 1# - MAIN ENTRY--PERSONAL NAME |
| Personal name |
Robb, J. D., |
| Dates associated with a name |
1950- |
| 9 (RLIN) |
11420 |
| 245 10 - TITLE STATEMENT |
| Title |
Conspiracy in death / |
| Statement of responsibility, etc. |
J.D. Robb. |
| 250 ## - EDITION STATEMENT |
| Edition statement |
Berkley ed. |
| 260 ## - PUBLICATION, DISTRIBUTION, ETC. |
| Place of publication, distribution, etc. |
New York : |
| Name of publisher, distributor, etc. |
Berkley Books, |
| Date of publication, distribution, etc. |
1999. |
| 300 ## - PHYSICAL DESCRIPTION |
| Extent |
378 p. ; |
| Dimensions |
18 cm. |
| 520 ## - SUMMARY, ETC. |
| Summary, etc. |
In New York, police officer Eve Dallas investigates the sidewalk murders of homeless people by a killer collecting human organs. By the author of Holiday in Death. |
| 650 #0 - SUBJECT ADDED ENTRY--TOPICAL TERM |
| Topical term or geographic name entry element |
Dallas, Eve (Fictitious character) |
| Form subdivision |
Fiction. |
| 9 (RLIN) |
11421 |
| 650 #0 - SUBJECT ADDED ENTRY--TOPICAL TERM |
| Topical term or geographic name entry element |
Police |
| Geographic subdivision |
New York (State) |
| -- |
New York |
| Form subdivision |
Fiction. |
| 9 (RLIN) |
11422 |
| 650 #0 - SUBJECT ADDED ENTRY--TOPICAL TERM |
| Topical term or geographic name entry element |
Policewomen |
| Form subdivision |
Fiction. |
| 9 (RLIN) |
11423 |
| 651 #0 - SUBJECT ADDED ENTRY--GEOGRAPHIC NAME |
| Geographic name |
New York (N.Y.) |
| Form subdivision |
Fiction. |
| 9 (RLIN) |
4634 |
| 655 #7 - INDEX TERM--GENRE/FORM |
| Genre/form data or focus term |
Mystery fiction. |
| Source of term |
gsafd |
| 9 (RLIN) |
5621 |
| 710 2# - ADDED ENTRY--CORPORATE NAME |
| Corporate name or jurisdiction name as entry element |
Copyright Paperback Collection (Library of Congress) |
| Institution to which field applies |
DLC |
| 9 (RLIN) |
1743 |
| 856 42 - ELECTRONIC LOCATION AND ACCESS |
| Materials specified |
Contributor biographical information |
| Uniform Resource Identifier |
<a href="http://www.loc.gov/catdir/enhancements/fy0717/2001553641-b.html">http://www.loc.gov/catdir/enhancements/fy0717/2001553641-b.html</a> |
| 856 42 - ELECTRONIC LOCATION AND ACCESS |
| Materials specified |
Publisher description |
| Uniform Resource Identifier |
<a href="http://www.loc.gov/catdir/enhancements/fy0717/2001553641-d.html">http://www.loc.gov/catdir/enhancements/fy0717/2001553641-d.html</a> |
| 856 41 - ELECTRONIC LOCATION AND ACCESS |
| Materials specified |
Sample text |
| Uniform Resource Identifier |
<a href="http://www.loc.gov/catdir/enhancements/fy1505/2001553641-s.html">http://www.loc.gov/catdir/enhancements/fy1505/2001553641-s.html</a> |
| 906 ## - LOCAL DATA ELEMENT F, LDF (RLIN) |
| a |
7 |
| b |
cbc |
| c |
copycat |
| d |
2 |
| e |
ncip |
| f |
20 |
| g |
y-genrareb |
| 942 ## - ADDED ENTRY ELEMENTS (KOHA) |
| Source of classification or shelving scheme |
|
| Koha item type |
Book |